00474 2200181 4500001002100000005001500021035002000036007000300056008004100059020001700100082001000117084001600127100002200143245004900165260003200214300003600246650001000282INLIS00000000000001920260413085903 a0010-0426000005ta260413 g 0 ind  a978979722536 a294.5 a294.5 IGA b0 aIGA Dewi Paramita1 aBerbagai Jalan Meditasi /cIGA Dewi Paramita aSurabaya :bParamita,c2008 aii, 138 hlm. ;c14.5cm x 20.5cm 4aHindu